Water : (Record no. 69625)

MARC details
000 -LEADER
fixed length control field 00968nam a22002417a 4500
005 - DATE AND TIME OF LATEST TRANSACTION
control field 2012090304024.0
008 - FIXED-LENGTH DATA ELEMENTS--GENERAL INFORMATION
fixed length control field 120903t xxu||||| |||| 00| 0 eng d
010 ## - LCCN (DPL NO)
LC control number ENG-105757
020 ## - INTERNATIONAL STANDARD BOOK NUMBER
International Standard Book Number 9788179103715
Terms of availability 725.00
035 ## - SYSTEM CONTROL NUMBER
System control number EN-89290
037 ## - SOURCE OF ACQUISITION
Source of stock number/acquisition DBAD/PUB
040 ## - CATALOGING SOURCE
Original cataloging agency DPL
Language of cataloging English
082 ## - DEWEY DECIMAL CLASSIFICATION NUMBER
Classification number 363.610954
245 ## - TITLE STATEMENT
Title Water :
Remainder of title today's need-tomorrow's vision /
Statement of responsibility, etc edited by Narendra Shukla [and] Ashu Jain
260 ## - PUBLICATION, DISTRIBUTION, ETC. (IMPRINT)
Place of publication, distribution, etc Jaipur
Name of publisher, distributor, etc Aavishkar Publishers, Distributors
Date of publication, distribution, etc 2012
270 ## - ADDRESS
Address 807, Vyas Building, Chaura Rasta
City Jaipur(Rajasthan)
Postal code 302003
Electronic mail address aavishkarbooks@hotmail.com
300 ## - PHYSICAL DESCRIPTION
Extent xiii,209 p. :
Other physical details ill.
Dimensions 23cm(Hb)
500 ## - GENERAL NOTE
General note Includes bibliographical references
700 ## - ADDED ENTRY--PERSONAL NAME
Personal name Shukla, Narendra
9 (RLIN) 51940
700 ## - ADDED ENTRY--PERSONAL NAME
Personal name Jain, Ashu
9 (RLIN) 51941
942 ## - ADDED ENTRY ELEMENTS (KOHA)
Source of classification or shelving scheme Dewey Decimal Classification
Item type English Books
Classification part 363.610954
Call number suffix WAT
Holdings
Withdrawn status Lost status Source of classification or shelving scheme Damaged status Not for loan Collection code Home library Current library Date acquired Source of acquisition Cost, normal purchase price Total Checkouts Full call number Barcode Date last seen Copy number Cost, replacement price Koha item type
    Dewey Decimal Classification   Not For Loan Non-fiction D.B.Act.Division D.B.Act.Division 03/09/2012 DBAD / PUB 725.00   363.610954 WAT EN-89290 03/09/2012 1 725.00 English Books

© Delhi Public Library
Hit Counter
free hit counter